| 000 | 00623nas a2200229 4500 | ||
|---|---|---|---|
| 001 | BR9200204 | ||
| 003 | BR-BrBNA | ||
| 005 | 20231205092228.0 | ||
| 007 | ta | ||
| 008 | 230509b bl.|||p| |||| 00| 00por d | ||
| 040 |
_aBR-BrBNA _bpor _cBiblioteca Nacional de Agricultura |
||
| 041 | _a(Pt) | ||
| 072 | _aN20 | ||
| 100 | 1 | _aAnon. | |
| 245 | 1 | _aPara qualquer tempo [pocilga] | |
| 650 | _aSUÍNO | ||
| 650 | _aPOCILGA | ||
| 650 | _aINSTALACAO AGRICOLA | ||
| 773 | 0 |
_tGlobo Rural (Brazil) _xISSN 0102-6178 _g(Nov 1989), v. 5(49) p. 33-36 _wBR9200204 |
|
| 909 |
_a202311 _bLúcia _c55 _dLúcia Elande |
||
| 942 |
_2AGRIS _n0 _cANA |
||
| 999 |
_c130232 _d130232 |
||